[Event "CHN-chT 6th"]
[Site "China"]
[Date "2010.11.02"]
[Round "16"]
[White "Liang, Chong"]
[Black "Yu, Lie"]
[Result "1-0"]
[WhiteElo "2502"]
[BlackElo "2407"]
[PlyCount "99"]
[EventDate "2010.04.16"]
[EventType "team-tourn"]
[EventRounds "18"]
[EventCountry "CHN"]
[SourceTitle "EXT 2011"]
[Source "ChessBase"]
[SourceDate "2010.11.26"]
[SourceVersion "1"]
[SourceVersionDate "2010.11.26"]
[SourceQuality "1"]

1. d4 d5 2. Bf4 Nf6 3. e3 c5 4. c3 Nc6 5. Nd2 Qb6 6. Qb3 c4 7. Qxb6 axb6 8. a3 b5 9. Rd1 Bf5 10. f3 h5 11. h4 e6 12. Nh3 Be7 13. Ng5 Bc2 14. Rc1 Bg6 15. Be2 Nh7 16. e4 Nxg5 17. hxg5 Kd7 18. Kf2 f6 19. gxf6 Bxf6 20. exd5 exd5 21. Nf1 Rhf8 22. Ne3 Ne7 23. Rcd1 Bf7 24. Be5 Bg6 25. g3 h4 26. gxh4 Bh5 27. Bxf6 Rxf6 28. Rdg1 g6 29. Rh3 Ke6 30. Ke1 Raf8 31. Ng4 Rf4 32. Ne5 R8f6 33. Bd1 Nf5 34. Ng4 Bxg4 35. fxg4 Nd6 36. h5 gxh5 37. gxh5 Ne4 38. h6 Nf2 39. h7 Re4+ 40. Kd2 Nxh3 41. h8Q Rf2+ 42. Kc1 Nxg1 43. Qg8+ Kd6 44. Qxg1 Ref4 45. Qe1 Rf5 46. Qe8 b6 47. Qxb5 Kc7 48. Qe8 Kb7 49. Kb1 Ka6 50. Qa8+ 1-0

[Event "CHN-chT 6th"]
[Site "China"]
[Date "2010.10.13"]
[Round "13"]
[White "Liang, Chong"]
[Black "Li, Chao B"]
[Result "0-1"]
[WhiteElo "2502"]
[BlackElo "2613"]
[PlyCount "78"]
[EventDate "2010.04.16"]
[EventType "team-tourn"]
[EventRounds "18"]
[EventCountry "CHN"]
[SourceTitle "EXT 2011"]
[Source "ChessBase"]
[SourceDate "2010.11.26"]
[SourceVersion "1"]
[SourceVersionDate "2010.11.26"]
[SourceQuality "1"]

1. d4 Nf6 2. c4 g6 3. Nc3 d5 4. Bg5 Ne4 5. Nf3 Nxg5 6. Nxg5 e5 7. h4 Bg7 8. dxe5 d4 9. Nd5 Bxe5 10. Qd2 0-0 11. h5 Bg7 12. hxg6 hxg6 13. Qf4 f6 14. Qe4 Nc6 15. Nf3 Ne5 16. Nxe5 fxe5 17. g4 c6 18. Nb4 Qg5 19. Nd3 Qxg4 20. Bg2 Qg5 21. Rh2 Be6 22. Rc1 Bf5 23. Qh4 Qxh4 24. Rxh4 Bf6 25. Re4 Rae8 26. Kf1 Kg7 27. Bf3 Rh8 28. Nc5 b6 29. Nd3 c5 30. Kg2 Bxe4 31. Bxe4 Rh4 32. f3 Reh8 33. Rg1 Bg5 34. Kf1 Be3 35. Rxg6+ Kf7 36. Nxe5+ Ke7 37. Kg2 Rh2+ 38. Kg3 R8h3+ 39. Kg4 Rh4+ 0-1

[Event "CHN-chT 6th"]
[Site "China"]
[Date "2010.09.12"]
[Round "12"]
[White "Liang, Chong"]
[Black "Wang, Chen"]
[Result "0-1"]
[WhiteElo "2502"]
[BlackElo "2399"]
[PlyCount "142"]
[EventDate "2010.04.16"]
[EventType "team-tourn"]
[EventRounds "18"]
[EventCountry "CHN"]
[SourceTitle "EXT 2011"]
[Source "ChessBase"]
[SourceDate "2010.11.26"]
[SourceVersion "1"]
[SourceVersionDate "2010.11.26"]
[SourceQuality "1"]

1. d4 d5 2. c4 e6 3. Nf3 Nf6 4. Nc3 Nbd7 5. Bf4 dxc4 6. e3 b5 7. Nxb5 Nd5 8. Bxc4 Bb4+ 9. Kf1 Nxf4 10. exf4 0-0 11. a3 Be7 12. Qc2 Bb7 13. Bd3 Nf6 14. Qxc7 Bxf3 15. Qxd8 Rfxd8 16. gxf3 a6 17. Nc7 Rac8 18. Nxa6 Rxd4 19. Rd1 Ra8 20. Bxh7+ Kxh7 21. Rxd4 Rxa6 22. f5 Nd5 23. fxe6 fxe6 24. Kg2 Bf6 25. Rd2 Rb6 26. Rb1 Rb3 27. a4 Nb6 28. Re2 Nxa4 29. Rxe6 Nc3 30. Rc1 Nd5 31. Kg3 Rxb2 32. Rd1 Ne7 33. Rd7 Nf5+ 34. Kg4 Kg6 35. Rd5 Ne7 36. Rd7 Kf7 37. Re4 Rxf2 38. Kg3 Rf1 39. Rb7 Rg1+ 40. Kf2 Ra1 41. Kg3 Ra8 42. h4 Kf8 43. Kg4 Nc6 44. f4 Ra1 45. Re3 Ra4 46. Rc7 Ne7 47. Rb3 Be5 48. Rcb7 Rxf4+ 49. Kh3 Nf5 50. R3b4 Bd4 51. Rd7 Rxh4+ 52. Kg2 Kg8 53. Kf3 Kh7 54. Rd5 Kg6 55. Ra4 Kg5 56. Ke2 Rh2+ 57. Kf3 Rf2+ 58. Ke4 Bf6 59. Kd3 Kg6 60. Raa5 Ne7 61. Rd6 Kf7 62. Ra7 g5 63. Ke3 Rf5 64. Ke4 Rf1 65. Rd3 Rf4+ 66. Ke3 Kg6 67. Ke2 Nc6 68. Ra8 Nd4+ 69. Ke1 g4 70. Rg8+ Kf5 71. Rf8 Ke5 0-1

[Event "CHN-chT 6th"]
[Site "China"]
[Date "2010.07.25"]
[Round "8"]
[White "Yang, Kaiqi"]
[Black "Liang, Chong"]
[Result "0-1"]
[WhiteElo "2396"]
[BlackElo "2502"]
[PlyCount "90"]
[EventDate "2010.04.16"]
[EventType "team-tourn"]
[EventRounds "18"]
[EventCountry "CHN"]
[SourceTitle "EXT 2011"]
[Source "ChessBase"]
[SourceDate "2010.11.26"]
[SourceVersion "1"]
[SourceVersionDate "2010.11.26"]
[SourceQuality "1"]

1. Nf3 Nf6 2. c4 e6 3. Nc3 d5 4. d4 c6 5. Bg5 h6 6. Bxf6 Qxf6 7. e3 g6 8. Bd3 Bg7 9. 0-0 0-0 10. e4 dxc4 11. e5 Qe7 12. Bxc4 Nd7 13. Qe2 b6 14. Rfe1 Rb8 15. Ba6 b5 16. Bxc8 Rfxc8 17. Rac1 a6 18. Ne4 c5 19. Nd6 Rc7 20. Qd2 Qd8 21. Qf4 Qe7 22. h4 c4 23. h5 g5 24. Qd2 Nb6 25. b3 Nc8 26. Ne4 Nb6 27. Nc5 Ra7 28. Nh2 Rd8 29. Qa5 Na8 30. bxc4 Rxd4 31. cxb5 axb5 32. Qxb5 Rxa2 33. Na6 Bf8 34. Rc8 Qa7 35. Nc5 Nb6 36. Re8 Ra1 37. Rxa1 Qxa1+ 38. Nf1 Rd1 39. Ne4 Nd5 40. Qb8 Rxf1+ 41. Kh2 Rh1+ 42. Kg3 Kg7 43. Rd8 Qa3+ 44. f3 Qb4 45. Nf6 Qh4# 0-1

[Event "All China Games 4th"]
[Site "Hefei"]
[Date "2010.05.19"]
[Round "9"]
[White "Liang, Chong"]
[Black "Wang, Hao"]
[Result "0-1"]
[WhiteElo "2505"]
[BlackElo "2722"]
[PlyCount "116"]
[EventDate "2010.05.17"]
[EventType "swiss (rapid)"]
[EventRounds "11"]
[EventCountry "CHN"]
[SourceTitle "CBM 136 Extra"]
[Source "ChessBase"]
[SourceDate "2010.07.02"]
[SourceVersion "2"]
[SourceVersionDate "2010.07.15"]
[SourceQuality "1"]

1. d4 Nf6 2. c4 e6 3. Nc3 Bb4 4. e3 0-0 5. a3 Bxc3+ 6. bxc3 c5 7. Bd3 Nc6 8. Ne2 b6 9. e4 Ne8 10. Be3 d6 11. 0-0 Ba6 12. Ng3 Rc8 13. Qe2 Na5 14. d5 Nf6 15. f4 Nd7 16. f5 Ne5 17. f6 g6 18. Bg5 exd5 19. exd5 Nxd3 20. Qxd3 Bxc4 21. Qe4 Bxf1 22. Qh4 Kh8 23. Rxf1 Qe8 24. Qh6 Rg8 25. Rf4 Qe3+ 26. Kf1 Qd3+ 27. Ne2 Qc4 28. Rh4 Qxh4 29. Qxh4 b5 30. Bh6 Rge8 31. Bg7+ Kg8 32. Qh6 Nc4 33. Ng3 Ne3+ 34. Kg1 Ng4 35. Qf4 Re1+ 36. Nf1 Ne3 37. Qxe3 Rxe3 38. Nxe3 h5 39. Kf2 Kh7 40. Ke2 a5 41. Kd3 a4 42. g4 hxg4 43. Nxg4 b4 44. Kc2 g5 45. Kb2 b3 46. Ne3 Re8 47. Nc4 Re2+ 48. Kb1 Rxh2 49. Nxd6 g4 50. Ne4 Re2 51. Ng3 Re3 52. Nf5 Rf3 53. Nh4 Rf1+ 54. Kb2 Rf2+ 55. Kc1 Rc2+ 56. Kb1 Rxc3 57. Bf8 c4 58. Ng2 Rg3 0-1

[Event "All China Games 4th"]
[Site "Hefei"]
[Date "2010.05.18"]
[Round "5"]
[White "Liang, Chong"]
[Black "Huang, Qian"]
[Result "1/2-1/2"]
[WhiteElo "2505"]
[BlackElo "2437"]
[PlyCount "96"]
[EventDate "2010.05.17"]
[EventType "swiss (rapid)"]
[EventRounds "11"]
[EventCountry "CHN"]
[SourceTitle "CBM 136 Extra"]
[Source "ChessBase"]
[SourceDate "2010.07.02"]
[SourceVersion "2"]
[SourceVersionDate "2010.07.15"]
[SourceQuality "1"]

1. d4 Nf6 2. c4 g6 3. Nc3 Bg7 4. e4 d6 5. Nf3 0-0 6. Be2 e5 7. d5 a5 8. Bg5 Na6 9. Nd2 Bd7 10. 0-0 Qe8 11. a3 a4 12. Nb5 Bxb5 13. cxb5 Nc5 14. f3 Nfd7 15. Qc2 Bf6 16. Be3 Qe7 17. g3 b6 18. Rae1 Rfe8 19. Bd1 Bg5 20. Qc3 Bxe3+ 21. Qxe3 Nf6 22. Nb1 Nfd7 23. Bc2 Kg7 24. Nc3 h5 25. f4 Nf6 26. f5 Nh7 27. Bd1 Qg5 28. Qf3 Rf8 29. h4 Qh6 30. f6+ Kh8 31. Rf2 Nd7 32. Nxa4 Nhxf6 33. Qc3 Rac8 34. Qe3 Qxe3 35. Rxe3 Kg7 36. Rc2 Nc5 37. Nc3 Nb3 38. Rf2 Nd4 39. a4 Ng4 40. Bxg4 hxg4 41. Ne2 Nf3+ 42. Kg2 f5 43. Ng1 f4 44. Rexf3 gxf3+ 45. Nxf3 fxg3 46. Kxg3 Rf4 47. Ng5 Rxf2 48. Kxf2 Kf6 1/2-1/2

[Event "All China Games 4th"]
[Site "Hefei"]
[Date "2010.05.17"]
[Round "2"]
[White "Ding, Yixin"]
[Black "Liang, Chong"]
[Result "0-1"]
[WhiteElo "2327"]
[BlackElo "2505"]
[PlyCount "51"]
[EventDate "2010.05.17"]
[EventType "swiss (rapid)"]
[EventRounds "11"]
[EventCountry "CHN"]
[SourceTitle "CBM 136 Extra"]
[Source "ChessBase"]
[SourceDate "2010.07.02"]
[SourceVersion "2"]
[SourceVersionDate "2010.07.15"]
[SourceQuality "1"]

1. e4 e5 2. Nf3 Nc6 3. Bb5 a6 4. Ba4 Nf6 5. 0-0 b5 6. Bb3 Bc5 7. c3 d6 8. d4 Bb6 9. a4 Bg4 10. Be3 0-0 11. axb5 axb5 12. Rxa8 Qxa8 13. Qd3 Bxf3 14. gxf3 Qc8 15. Kg2 Ne7 16. Qxb5 Ng6 17. Nd2 Nh4+ 18. Kh1 Qh3 19. Rg1 Nxf3 20. Nxf3 Qxf3+ 21. Rg2 Qxe4 22. h3 exd4 23. Bh6 Ne8 24. Qg5 Qe1+ 25. Rg1 Qe5 26. Qd2 0-1

[Event "CHN-ch"]
[Site "Xinghua Jiangsu"]
[Date "2009.06.04"]
[Round "9"]
[White "Zhou, Weiqi"]
[Black "Liang, Chong"]
[Result "1-0"]
[WhiteElo "2563"]
[BlackElo "2511"]
[PlyCount "125"]
[EventDate "2009.05.26"]
[EventType "tourn"]
[EventRounds "11"]
[EventCountry "CHN"]
[EventCategory "14"]
[SourceTitle "CBM 131"]
[Source "ChessBase"]
[SourceDate "2009.07.15"]
[SourceVersion "1"]
[SourceVersionDate "2009.07.15"]
[SourceQuality "1"]

1. d4 d6 2. Nf3 g6 3. g3 Bg7 4. Bg2 e5 5. 0-0 exd4 6. Nxd4 Ne7 7. e4 0-0 8. Nc3 Nbc6 9. Be3 Bd7 10. Qd2 Ne5 11. b3 Ng4 12. Bf4 Nc6 13. Nde2 Qc8 14. Rad1 f5 15. exf5 Bxf5 16. h3 Nge5 17. g4 Be6 18. Nd5 Qd7 19. f3 Rae8 20. c4 a6 21. Bg5 b5 22. f4 Nxg4 23. hxg4 Bxg4 24. Rde1 bxc4 25. bxc4 Bh3 26. Ng3 Bxg2 27. Rxe8 Bxf1 28. Rxf8+ Kxf8 29. Kxf1 Qh3+ 30. Qg2 Qg4 31. Ne3 Qe6 32. f5 Qe5 33. Ne2 Ne7 34. fxg6 Nxg6 35. Qf3+ Ke8 36. Nf5 Kd7 37. Ned4 Qc5 38. Qh3 Qxc4+ 39. Ke1 Bxd4 40. Nxd4+ Ke8 41. Qc8+ Kf7 42. Qd7+ Kg8 43. Qe6+ Qxe6+ 44. Nxe6 c5 45. Nc7 Kf7 46. Nxa6 Ke6 47. Nc7+ Kd7 48. Nd5 Kc6 49. Nf6 Ne5 50. Kd1 d5 51. Nxh7 Nd7 52. Bd8 d4 53. Ng5 Kd5 54. Kc2 c4 55. a4 Nc5 56. a5 Kc6 57. Nf3 d3+ 58. Kb2 Na4+ 59. Ka3 c3 60. Ne5+ Kb5 61. Nxd3 c2 62. a6 Nc5 63. a7 1-0

[Event "CHN-ch"]
[Site "Xinghua Jiangsu"]
[Date "2009.06.02"]
[Round "7"]
[White "Ni, Hua"]
[Black "Liang, Chong"]
[Result "1-0"]
[WhiteElo "2724"]
[BlackElo "2511"]
[PlyCount "55"]
[EventDate "2009.05.26"]
[EventType "tourn"]
[EventRounds "11"]
[EventCountry "CHN"]
[EventCategory "14"]
[SourceTitle "CBM 131"]
[Source "ChessBase"]
[SourceDate "2009.07.15"]
[SourceVersion "1"]
[SourceVersionDate "2009.07.15"]
[SourceQuality "1"]

1. e4 e5 2. Nf3 Nc6 3. Nc3 Nf6 4. Bb5 Bc5 5. Nxe5 Nxe5 6. d4 Bd6 7. f4 Nc6 8. e5 Bb4 9. 0-0 Bxc3 10. bxc3 Ne4 11. Qg4 g6 12. d5 Qe7 13. Be3 Nxc3 14. Bc4 Qb4 15. Bb3 Ne7 16. a3 h5 17. Qh4 Qe4 18. Bc5 Ne2+ 19. Kh1 d6 20. exd6 Nf5 21. Qf6 0-0 22. dxc7 Bd7 23. Rae1 b6 24. Bxf8 Rxf8 25. d6 Kh7 26. Bxf7 Nxd6 27. Bxg6+ Qxg6 28. Qxf8 1-0

[Event "CHN-ch"]
[Site "Xinghua Jiangsu"]
[Date "2009.05.27"]
[Round "2"]
[White "Bu, Xiangzhi"]
[Black "Liang, Chong"]
[Result "1-0"]
[WhiteElo "2704"]
[BlackElo "2511"]
[PlyCount "55"]
[EventDate "2009.05.26"]
[EventType "tourn"]
[EventRounds "11"]
[EventCountry "CHN"]
[EventCategory "14"]
[SourceTitle "CBM 131"]
[Source "ChessBase"]
[SourceDate "2009.07.15"]
[SourceVersion "1"]
[SourceVersionDate "2009.07.15"]
[SourceQuality "1"]

1. c4 e6 2. Nc3 d5 3. d4 c6 4. e3 Nf6 5. Nf3 Nbd7 6. Qc2 Bd6 7. Be2 0-0 8. 0-0 e5 9. cxd5 cxd5 10. dxe5 Nxe5 11. Bd2 Bg4 12. Nxe5 Bxe5 13. Bxg4 Nxg4 14. h3 Nf6 15. Rfd1 Rc8 16. Qb3 Qd7 17. Be1 Rfd8 18. Rd3 Rc6 19. Rad1 Rb6 20. Qc2 h6 21. Nxd5 Nxd5 22. Rxd5 Qxd5 23. Rxd5 Rxd5 24. Qc8+ Kh7 25. Qf5+ Rg6 26. Kf1 Kg8 27. f4 Rgd6 28. e4 1-0

[Event "CHN-chT 4th"]
[Site "China"]
[Date "2008.12.08"]
[Round "16"]
[White "Liang, Chong"]
[Black "Wu, Kaiyu"]
[Result "1-0"]
[WhiteElo "2502"]
[BlackElo "2302"]
[PlyCount "77"]
[EventDate "2008.12.??"]
[EventType "team-tourn"]
[EventRounds "18"]
[EventCountry "CHN"]
[SourceTitle "EXT 2017"]
[Source "ChessBase"]
[SourceDate "2016.10.25"]
[SourceVersion "1"]
[SourceVersionDate "2016.10.25"]
[SourceQuality "1"]

1. c4 e5 2. Nc3 Nf6 3. Nf3 Nc6 4. g3 d5 5. cxd5 Nxd5 6. Bg2 Nb6 7. 0-0 Be7 8. Rb1 0-0 9. b4 e4 10. Ne1 Bxb4 11. Nxe4 Be6 12. Nd3 Be7 13. Nec5 Bc8 14. Bb2 Rb8 15. Ba1 Nd4 16. e3 Ne6 17. Qc2 Bf6 18. a4 Nxc5 19. Nxc5 c6 20. d4 Nd7 21. Ne4 Be7 22. Rfd1 Nf6 23. Nc5 Qc7 24. e4 Rd8 25. h3 b6 26. Nd3 Ba6 27. Ne5 Rbc8 28. Qb3 Bd6 29. Nc4 Be7 30. Rbc1 Nd7 31. Ne3 Bf8 32. e5 Bb7 33. f4 Nb8 34. d5 Bc5 35. d6 Qd7 36. Rxc5 bxc5 37. f5 Re8 38. h4 Na6 39. Bh3 1-0

[Event "CHN-chT 4th"]
[Site "China"]
[Date "2008.12.04"]
[Round "15"]
[White "Liang, Chong"]
[Black "Wu, Wenjin"]
[Result "1/2-1/2"]
[WhiteElo "2502"]
[BlackElo "2442"]
[PlyCount "38"]
[EventDate "2008.12.??"]
[EventType "team-tourn"]
[EventRounds "18"]
[EventCountry "CHN"]
[SourceTitle "EXT 2017"]
[Source "ChessBase"]
[SourceDate "2016.10.25"]
[SourceVersion "1"]
[SourceVersionDate "2016.10.25"]
[SourceQuality "1"]

1. d4 d5 2. c4 e6 3. Nc3 Be7 4. Nf3 Nf6 5. Bg5 h6 6. Bh4 Ne4 7. Bxe7 Qxe7 8. Qc2 Nxc3 9. Qxc3 0-0 10. Rc1 dxc4 11. Qxc4 Bd7 12. e3 Bc6 13. Ne5 Rc8 14. Qc5 Qd6 15. f3 Nd7 16. Nxd7 Qxd7 17. a3 a6 18. Kf2 Bb5 19. Rc3 c6 1/2-1/2

[Event "CHN-chT Torch Real Estate Cup"]
[Site "Jiangsu Wuxi"]
[Date "2008.10.21"]
[Round "9"]
[White "Li, Haoyu"]
[Black "Liang, Chong"]
[Result "0-1"]
[WhiteElo "2328"]
[BlackElo "2484"]
[PlyCount "168"]
[EventDate "2008.05.19"]
[EventType "team-tourn"]
[EventRounds "12"]
[EventCountry "CHN"]
[SourceTitle "EXT 2009"]
[Source "ChessBase"]
[SourceDate "2008.11.26"]
[SourceVersion "1"]
[SourceVersionDate "2008.11.26"]
[SourceQuality "1"]

1. e4 c6 2. d4 d5 3. exd5 cxd5 4. Bd3 Nc6 5. c3 Nf6 6. Bf4 Bg4 7. Nf3 e6 8. Qb3 Qb6 9. Qxb6 axb6 10. Ne5 Nxe5 11. Bxe5 Kd8 12. Nd2 Ne8 13. 0-0 Bh5 14. a3 Bg6 15. Be2 Bd6 16. c4 f6 17. Bg3 Bxg3 18. hxg3 Nd6 19. Rac1 Rc8 20. Rc3 dxc4 21. Nxc4 Nb5 22. Re3 Rc6 23. Rd1 Nc7 24. Rc3 Nd5 25. Rcc1 Ke7 26. a4 Rhc8 27. b3 Be4 28. Bf3 Bxf3 29. gxf3 h5 30. Re1 h4 31. Re4 g5 32. Rce1 Rh8 33. Ne3 Nxe3 34. R1xe3 hxg3 35. fxg3 Rd8 36. g4 Rd5 37. f4 gxf4 38. Rxf4 Rcd6 39. Ree4 b5 40. axb5 Rxb5 41. Re3 Rb4 42. Ref3 Rdxd4 43. Rxf6 Rxg4+ 44. Kf2 Kd6 45. Rf8 Ke5 46. Ke2 Rg2+ 47. Kf1 Rb2 48. Re3+ Re4 49. Ref3 Rh4 50. Kg1 Rd4 51. Re3+ Re4 52. Rc3 Re1+ 53. Rf1 Ree2 54. Rff3 b5 55. Kf1 Red2 56. Rce3+ Kd5 57. Re1 Rd4 58. Rfe3 Rf4+ 59. Kg1 Rg4+ 60. Kf1 Rf4+ 61. Kg1 Kc5 62. Rxe6 Rxb3 63. Kg2 Kb4 64. Ra6 Rd4 65. Re2 Ra3 66. Rc6 Ka5 67. Rc8 b4 68. Rb2 b3 69. Rb8 Raa4 70. Kf2 Rd5 71. Ke3 Rb5 72. Rc8 Kb4 73. Kd4 Ra2 74. Rb1 Rd2+ 75. Ke3 Rd7 76. Ke4 Rd2 77. Ke3 Rdd5 78. Ke4 Re5+ 79. Kf3 Rec5 80. Ra8 Kc3 81. Rd8 Kc2 82. Rbd1 b2 83. R8d2+ Kb3 84. Rb1 Rc2 0-1

[Event "CHN-ch"]
[Site "Beijing"]
[Date "2008.06.07"]
[Round "10"]
[White "Zhou, Weiqi"]
[Black "Liang, Chong"]
[Result "0-1"]
[WhiteElo "2560"]
[BlackElo "2484"]
[PlyCount "96"]
[EventDate "2008.05.29"]
[EventType "tourn"]
[EventRounds "11"]
[EventCountry "CHN"]
[EventCategory "12"]
[SourceTitle "CBM 125"]
[Source "ChessBase"]
[SourceDate "2008.07.30"]
[SourceVersion "1"]
[SourceVersionDate "2008.07.30"]
[SourceQuality "1"]

1. Nf3 d5 2. d4 e6 3. c4 c6 4. Qc2 Nf6 5. Bg5 Nbd7 6. e3 Qa5+ 7. Nbd2 Ne4 8. Bf4 Bb4 9. Bd3 Nxd2 10. Nxd2 dxc4 11. Bxc4 0-0 12. e4 e5 13. dxe5 Nxe5 14. 0-0 Qc5 15. Bb3 Qxc2 16. Bxc2 Be6 17. a3 Bd6 18. Bg3 Rfd8 19. Rfd1 Nd3 20. Bxd6 Rxd6 21. Nf1 Rad8 22. Ne3 Kf8 23. Bxd3 Rxd3 24. Kf1 Ke7 25. Ke2 Rb3 26. Rxd8 Kxd8 27. Rd1+ Ke7 28. Rd2 c5 29. Rc2 b5 30. Rxc5 Rxb2+ 31. Kd3 Kd6 32. Rc2 Rb3+ 33. Rc3 Rxc3+ 34. Kxc3 Kc5 35. Nd1 Bc4 36. Ne3 Be6 37. Nd1 a5 38. Nb2 b4+ 39. axb4+ axb4+ 40. Kd3 Bd7 41. Kc2 Bb5 42. e5 Bc4 43. f4 g6 44. Nxc4 Kxc4 45. Kb2 h5 46. g3 h4 47. gxh4 Kd4 48. f5 gxf5 0-1

[Event "World University-ch 10th"]
[Site "Novokuznetsk"]
[Date "2008.03.06"]
[Round "4"]
[White "Liang, Chong"]
[Black "Smirnov, Pavel"]
[Result "0-1"]
[WhiteElo "2488"]
[BlackElo "2599"]
[PlyCount "152"]
[EventDate "2008.03.04"]
[EventType "team"]
[EventRounds "9"]
[EventCountry "RUS"]
[SourceTitle "CBM 123 Extra"]
[Source "ChessBase"]
[SourceDate "2008.05.06"]
[SourceVersion "1"]
[SourceVersionDate "2008.05.06"]
[SourceQuality "1"]

1. d4 d5 2. c4 e6 3. Nc3 c6 4. cxd5 exd5 5. Nf3 Nf6 6. Bg5 h6 7. Bh4 Bf5 8. e3 Nbd7 9. Bd3 Bxd3 10. Qxd3 Bd6 11. 0-0 0-0 12. Rab1 a5 13. e4 dxe4 14. Nxe4 Be7 15. Rfe1 Nxe4 16. Bxe7 Qxe7 17. Rxe4 Qd6 18. Ne5 Nf6 19. Nc4 Qc7 20. Re5 Rad8 21. Rd1 Ng4 22. Rh5 Rfe8 23. g3 g6 24. Rh4 h5 25. Ne3 Nf6 26. Rf4 Qe7 27. h4 Rd6 28. a3 Red8 29. Qc3 b6 30. Qb3 b5 31. a4 b4 32. Nc4 Re6 33. Nxa5 c5 34. Kg2 Qa7 35. d5 Nxd5 36. Rf3 Qa8 37. Nc4 Rde8 38. Kh2 Nf6 39. Kg2 Ng4 40. Nd6 c4 41. Nxc4 Rf6 42. Nb6 Ne3+ 43. Qxe3 Rxe3 44. Nxa8 Rexf3 45. Rd2 R3f5 46. Nc7 b3 47. Nb5 Rc5 48. Nc3 Rb6 49. Rd3 Rb4 50. Kf1 Kf8 51. Re3 f6 52. Rf3 Kg7 53. Rd3 Kf7 54. Re3 g5 55. hxg5 fxg5 56. Rd3 h4 57. Kg2 Ke6 58. Nb5 Ke5 59. Re3+ Kf6 60. Nc3 Kf5 61. Rd3 Kg6 62. Re3 Rd4 63. Nb5 Rd2 64. gxh4 Rcc2 65. hxg5 Rxf2+ 66. Kg3 Rg2+ 67. Kf3 Rcf2+ 68. Ke4 Rg4+ 69. Kd5 Rxb2 70. a5 Rd2+ 71. Kc5 Rc2+ 72. Kd6 Rb4 73. Na3 Ra2 74. Kc5 Rb8 75. Re6+ Kxg5 76. Nc4 b2 0-1

[Event "CHN-chT 3rd"]
[Site "China"]
[Date "2007.04.25"]
[Round "2"]
[White "Liang, Chong"]
[Black "Lou, Yiping"]
[Result "1-0"]
[WhiteElo "2505"]
[BlackElo "2268"]
[PlyCount "173"]
[EventDate "2007.04.??"]
[EventType "team-tourn"]
[EventRounds "18"]
[EventCountry "CHN"]
[SourceTitle "EXT 2017"]
[Source "ChessBase"]
[SourceDate "2016.10.25"]
[SourceVersion "1"]
[SourceVersionDate "2016.10.25"]
[SourceQuality "1"]

1. d4 Nf6 2. c4 g6 3. Nc3 d5 4. cxd5 Nxd5 5. e4 Nxc3 6. bxc3 Bg7 7. Bc4 c5 8. Ne2 Nc6 9. Be3 0-0 10. 0-0 Qc7 11. Rc1 Rd8 12. Bf4 Qd7 13. d5 Na5 14. Bd3 b5 15. Rb1 a6 16. a4 e6 17. axb5 exd5 18. exd5 axb5 19. d6 c4 20. Bc2 Nb7 21. Be4 Ra6 22. Bxb7 Bxb7 23. Nd4 Rb6 24. Re1 Bf8 25. Bg5 Re8 26. Rxe8 Qxe8 27. Qe1 Qxe1+ 28. Rxe1 Rxd6 29. Bf4 Rd8 30. Nxb5 Bc5 31. h3 Bc6 32. Nc7 Bb6 33. Na6 Ba5 34. Bc7 Ra8 35. Bxa5 Rxa6 36. Bb4 Ra8 37. Bc5 Re8 38. Ra1 Ra8 39. Rb1 Bd5 40. Bd4 h6 41. Rb5 Be6 42. h4 h5 43. Kh2 Kf8 44. Rb7 Bd5 45. Rd7 Be6 46. Rc7 Rc8 47. Ra7 Rd8 48. Bf6 Rc8 49. Kg3 Kg8 50. Kf4 Rc5 51. Bd4 Rc8 52. f3 Bd5 53. Bf6 Be6 54. Kg5 Kh7 55. Bd4 Rc6 56. Rb7 Rc8 57. Kf6 Rc6 58. Rb8 Rc8 59. Rb6 Bd5 60. Ke5 Be6 61. Rb7 Rc6 62. Kf4 Rc8 63. Bf6 Rc5 64. g4 hxg4 65. fxg4 Rc8 66. Bd4 Rd8 67. Ra7 Bd5 68. Bf6 Re8 69. Ra5 Re4+ 70. Kg3 Be6 71. g5 Bf5 72. Ra8 Rg4+ 73. Kf2 Bc8 74. h5 Rf4+ 75. Ke3 Re4+ 76. Kxe4 Bb7+ 77. Kd4 Bxa8 78. h6 Bc6 79. Kxc4 Bd7 80. Kc5 Be6 81. c4 Bxc4 82. Kxc4 Kg8 83. Kd5 Kh7 84. Kd6 Kg8 85. Ke7 Kh7 86. Bd4 Kg8 87. Be5 1-0

[Event "CHN-chT 3rd"]
[Site "China"]
[Date "2007.04.24"]
[Round "1"]
[White "Liu, Qingnan"]
[Black "Liang, Chong"]
[Result "1/2-1/2"]
[WhiteElo "2301"]
[BlackElo "2505"]
[PlyCount "40"]
[EventDate "2007.04.??"]
[EventType "team-tourn"]
[EventRounds "18"]
[EventCountry "CHN"]
[SourceTitle "EXT 2017"]
[Source "ChessBase"]
[SourceDate "2016.10.25"]
[SourceVersion "1"]
[SourceVersionDate "2016.10.25"]
[SourceQuality "1"]

1. e4 e5 2. Nf3 Nc6 3. Bb5 a6 4. Ba4 Nf6 5. 0-0 b5 6. Bb3 Bb7 7. d3 Bc5 8. Nc3 d6 9. a4 b4 10. Nd5 Na5 11. Nxf6+ Qxf6 12. Ba2 0-0 13. c3 bxc3 14. bxc3 Rab8 15. Bg5 Qg6 16. Be7 Rfe8 17. Nh4 Qh6 18. Nf5 Qg6 19. Nh4 Qh6 20. Nf5 Qg6 1/2-1/2

[Event "CHN-ch"]
[Site "Wuxi"]
[Date "2006.07.04"]
[Round "10"]
[White "Zhang, Pengxiang"]
[Black "Liang, Chong"]
[Result "1-0"]
[WhiteElo "2623"]
[BlackElo "2514"]
[PlyCount "74"]
[EventDate "2006.06.25"]
[EventType "tourn"]
[EventRounds "11"]
[EventCountry "CHN"]
[EventCategory "14"]
[SourceTitle "CBM 113 Extra"]
[Source "ChessBase"]
[SourceDate "2006.09.14"]
[SourceVersion "1"]
[SourceVersionDate "2006.09.14"]
[SourceQuality "1"]

1. e4 c6 2. d4 d5 3. e5 Bf5 4. Nf3 e6 5. Be2 c5 6. Be3 cxd4 7. Nxd4 Ne7 8. Bg5 Qa5+ 9. Nc3 Bg6 10. Nb3 Qb6 11. h4 h5 12. Be3 Qd8 13. Nb5 Nc8 14. c4 Bb4+ 15. Kf1 a6 16. cxd5 axb5 17. Bxb5+ Kf8 18. a3 Ba5 19. dxe6 Kg8 20. exf7+ Bxf7 21. Nc5 Qe7 22. Rh3 Nc6 23. e6 Bxe6 24. Nxe6 Qxe6 25. Rc1 Ne5 26. Bd4 Nd6 27. Re3 Nxb5 28. Rxe5 Nxd4 29. Rxe6 Nxe6 30. Qd5 Rh6 31. b4 Bd8 32. Re1 Ra6 33. b5 Rb6 34. Rxe6 Rhxe6 35. Qxd8+ Kh7 36. Qd3+ Kg8 37. Qd8+ Kh7 1-0